000 00535nam a2200181Ia 4500
003 OSt
005 20200827112122.0
008 190216s9999||||xx |||||||||||||| ||und||
020 _a8122413021
040 _coclc
082 _a530.13076
_bROY/T
100 _aRoy, S K
_94386
245 0 _aThermal Physics And Statistical Mechanics /
_cS K Roy
260 _bNew Age International Publishers,
_c2001.
_aNew Delhi:
300 _a418p
650 _aPhysics
942 _cBK
_2ddc
_h530.13076
_iROY/T
_k530.13076
_mROY/T
999 _c33600
_d33600